Les provinciales (Record no. 186563)

MARC details
000 -LEADER
campo de control de longitud fija 01044nam a2200241 i 4500
001 - NÚMERO DE CONTROL
campo de control 186563
003 - IDENTIFICADOR DE NÚMERO DE CONTROL
campo de control ES-MaACL
005 - FECHA Y HORA DE LA ÚLTIMA TRANSACCIÓN
campo de control 20250716063339.0
008 - DATOS DE LONGITUD FIJA--INFORMACIÓN GENERAL
campo de control de longitud fija 161125s1944 fr |||| |dfre d
080 ## - NÚMERO DE LA CLASIFICACIÓN DECIMAL UNIVERSAL
Número de la Clasificación Decimal Universal 239:271.5
100 1# - ENTRADA PRINCIPAL--NOMBRE DE PERSONA
Nombre de persona Pascal, Blaise,
Fechas asociadas al nombre 1623-1662
9 (RLIN) 89307
245 14 - MENCIÓN DEL TÍTULO
Título Les provinciales
Resto del título ou Les lettres escrites : par Louis de Montalte à un provincial de ses amis et aux RR. PP. Jesuites, sur le sujet de la morale et la politique de ces pères /
Mención de responsabilidad, etc. Blaise Pascal ; édition annotée et précédée d'un prologue par Zacharie Tourneur.
260 ## - PUBLICACIÓN, DISTRIBUCIÓN, ETC.
Lugar de publicación, distribución, etc. Paris :
Nombre del editor, distribuidor, etc. Éditions de Cluny,
Fecha de publicación, distribución, etc. [1944]
300 ## - DESCRIPCIÓN FÍSICA
Extensión 2 v. (334, 278 p.) ;
Dimensiones 18 cm.
490 1# - MENCIÓN DE SERIE
Mención de serie Bibliothèque de Cluny ;
Designación de volumen o secuencia 47, 48
610 24 - PUNTO DE ACCESO ADICIONAL DE MATERIA--NOMBRE DE ENTIDAD CORPORATIVA
Nombre de entidad corporativa o nombre de jurisdicción como elemento de entrada Jesuitas-
Subdivisión de forma Obras de controversia.
9 (RLIN) 151987
650 #4 - PUNTO DE ACCESO ADICIONAL DE MATERIA--TÉRMINO DE MATERIA
Término de materia o nombre geográfico como elemento de entrada Jansenismo.
9 (RLIN) 151988
700 1# - ENTRADA AGREGADA--NOMBRE PERSONAL
Nombre de persona Tourneur, Zacharie.
9 (RLIN) 161376
740 42 - ENTRADA AGREGADA--TÍTULO RELACIONADO/ANALÍTICO NO CONTROLADO
Título relacionado o analítico no controlado Les lettres escrites.
830 0# - PUNTO DE ACCESO ADICIONAL DE SERIE-TÍTULO UNIFORME
Título uniforme Bibliothèque de Cluny ;
Designación de volumen o secuencia 47, 48
9 (RLIN) 192583
852 ## - LOCALIZACIÓN
Ubicación ES-MaACL
Número de control de estantería L-30916-17
Nota libre . - Biblioteca Jacinto Martínez Lacalle
Holdings
Estatus retirado Estado de pérdida Estado de daño No para préstamo Biblioteca de origen Biblioteca actual Ubicación en estantería Fecha de adquisición Fuente de adquisición Total de préstamos Signatura topográfica completa Código de barras Visto por última vez Precio de reemplazo Tipo de ítem Koha
        Biblioteca del Ateneo de Madrid Biblioteca del Ateneo de Madrid Depósito 2 25/11/2016     L-30916-17 1196731 23/02/2023 23/02/2023 Libro impreso